000 00630nam a2200229Ia 4500
003 OSt
005 20220926013140.0
006 a|||||r|||| 00| 0
007 ta
008 220923b |||||||| |||| 00| 0 eng d
037 _cGeneral Book
040 _aRTL
_cRTL
_beng
041 _2eng
_aeng
082 _aX:77:(B), L1
100 _aHamberg Daniel
_9317862
245 0 _aModels of economic growth
260 _aNew York
_bHarper and Row U. S. A.
_c1971
300 _ax, 246p.
_ccm.
650 _aEconomic Development
_917300
942 _hX:77:(B), L1
_cGB
_2CC
999 _c625245
_d625245